| 000 | 00669nam a2200205Ia 4500 | ||
|---|---|---|---|
| 008 | 240729s9999 xx 000 0 und d | ||
| 022 | _a2634-2235 | ||
| 245 | 0 | _aInternational Journal of Strength and Conditioning | |
| 260 | _aUnited Kingdom | ||
| 260 | _bInternational Universities Strength and Conditioning Association | ||
| 650 | _a Internal medicine | ||
| 650 | _a Recreation. Leisure | ||
| 650 | _a Special situations and conditions | ||
| 650 | _a Sports | Medicine | ||
| 650 | _a Sports medicine | ||
| 650 | _aGeography. Anthropology. Recreation | ||
| 856 | _uhttps://doaj.org/toc/cb4cc691f077421a8a8a9b3271a178b3 | ||
| 942 | _2ddc | ||
| 942 | _cDOAJEJ | ||
| 999 |
_c69327 _d69327 |
||
| 945 |
_a1 _bMadushi Gamage _c1 _dMadushi Gamage |
||